<?xml version="1.0" encoding="UTF-8"?>
<record
    xmlns:xsi="http://www.w3.org/2001/XMLSchema-instance"
    xsi:schemaLocation="http://www.loc.gov/MARC21/slim http://www.loc.gov/standards/marcxml/schema/MARC21slim.xsd"
    xmlns="http://www.loc.gov/MARC21/slim">

  <leader>02195nam a22002657a 4500</leader>
  <datafield tag="999" ind1=" " ind2=" ">
    <subfield code="c">59903</subfield>
    <subfield code="d">59903</subfield>
  </datafield>
  <controlfield tag="003">Ge_BSU</controlfield>
  <controlfield tag="005">20230508172938.0</controlfield>
  <controlfield tag="008">230508s2010    ge ||||| |||| 00| 0 geo d</controlfield>
  <datafield tag="020" ind1=" " ind2=" ">
    <subfield code="a">9789941913853</subfield>
  </datafield>
  <datafield tag="041" ind1=" " ind2=" ">
    <subfield code="a">geo</subfield>
  </datafield>
  <datafield tag="080" ind1=" " ind2=" ">
    <subfield code="a">903.05(479.22)+669(479.22) &#x10E3;-96</subfield>
  </datafield>
  <datafield tag="245" ind1=" " ind2=" ">
    <subfield code="a">&#x10E3;&#x10EB;&#x10D5;&#x10D4;&#x10DA;&#x10D4;&#x10E1;&#x10D8; &#x10DB;&#x10D4;&#x10E2;&#x10D0;&#x10DA;&#x10E3;&#x10E0;&#x10D2;&#x10D8;&#x10D0; &#x10D3;&#x10D0; &#x10E1;&#x10D0;&#x10DB;&#x10D7;&#x10DD; &#x10E1;&#x10D0;&#x10E5;&#x10DB;&#x10D4; &#x10E1;&#x10D0;&#x10E5;&#x10D0;&#x10E0;&#x10D7;&#x10D5;&#x10D4;&#x10DA;&#x10DD;&#x10E8;&#x10D8; = Alte Metallurgie und Bergbau in Georgien = &#x414;&#x440;&#x435;&#x432;&#x43D;&#x435;&#x439;&#x448;&#x430;&#x44F; &#x43C;&#x435;&#x442;&#x430;&#x43B;&#x43B;&#x443;&#x440;&#x433;&#x438;&#x44F; &#x438; &#x433;&#x43E;&#x440;&#x43D;&#x43E;&#x435; &#x434;&#x435;&#x43B;&#x43E; &#x432; &#x413;&#x440;&#x443;&#x437;&#x438;&#x438; : </subfield>
    <subfield code="b">&#x10EB;&#x10D5;.&#x10EC;. VI-III &#x10D0;&#x10D7;&#x10D0;&#x10E1;&#x10EC;&#x10DA;&#x10D4;&#x10E3;&#x10DA;&#x10D4;&#x10D1;&#x10E8;&#x10D8; /</subfield>
    <subfield code="c">&#x10D8;&#x10E0;. &#x10E6;&#x10D0;&#x10DB;&#x10D1;&#x10D0;&#x10E8;&#x10D8;&#x10EB;&#x10D4;, &#x10D2;. &#x10DB;&#x10D8;&#x10DC;&#x10D3;&#x10D8;&#x10D0;&#x10E8;&#x10D5;&#x10D8;&#x10DA;&#x10D8;, &#x10D2;. &#x10D2;&#x10DD;&#x10D2;&#x10DD;&#x10ED;&#x10E3;&#x10E0;&#x10D8; [&#x10D3;&#x10D0; &#x10E1;&#x10EE;&#x10D5;.] ; [&#x10DE;&#x10E0;&#x10DD;&#x10D4;&#x10E5;&#x10E2;&#x10D8;&#x10E1; &#x10D0;&#x10D5;&#x10E2;. &#x10D3;&#x10D0; &#x10EE;&#x10D4;&#x10DA;&#x10DB;&#x10EB;&#x10E6;&#x10D5;., &#x10DE;/&#x10DB;&#x10D2; &#x10E0;&#x10D4;&#x10D3;.-&#x10D2;&#x10D0;&#x10DB;&#x10DD;&#x10DB;&#x10EA;. &#x10D8;&#x10E0;. &#x10E6;&#x10D0;&#x10DB;&#x10D1;&#x10D0;&#x10E8;&#x10D8;&#x10EB;&#x10D4; ; &#x10EC;&#x10D8;&#x10DC;&#x10D0;&#x10D7;&#x10E5;&#x10DB;&#x10D0; &#x10D3;&#x10D0;&#x10D5;&#x10D8;&#x10D7; &#x10DA;&#x10DD;&#x10E0;&#x10D7;&#x10E5;&#x10D8;&#x10E4;&#x10D0;&#x10DC;&#x10D8;&#x10EB;&#x10D4; ; &#x10DB;&#x10EE;&#x10D0;&#x10E2;&#x10D5;. &#x10D4;&#x10DA;. &#x10E1;&#x10D0;&#x10EE;&#x10D5;&#x10D0;&#x10EB;&#x10D4;] ; &#x10E5;&#x10D0;&#x10E0;&#x10D7;&#x10D5;&#x10D4;&#x10DA;&#x10DD;&#x10DA;., &#x10F0;&#x10E3;&#x10DB;&#x10D0;&#x10DC;&#x10D8;&#x10E2;. &#x10D3;&#x10D0; &#x10E1;&#x10DD;&#x10EA;. &#x10DB;&#x10D4;&#x10EA;&#x10DC;. &#x10E0;&#x10E3;&#x10E1;&#x10D7;&#x10D0;&#x10D5;&#x10D4;&#x10DA;&#x10D8;&#x10E1; &#x10E4;&#x10DD;&#x10DC;&#x10D3;&#x10D8;, &#x10E1;&#x10D0;&#x10E5;. &#x10D4;&#x10E0;&#x10DD;&#x10D5;&#x10DC;. &#x10DB;&#x10E3;&#x10D6;&#x10D4;&#x10E3;&#x10DB;&#x10D8;.</subfield>
  </datafield>
  <datafield tag="264" ind1=" " ind2=" ">
    <subfield code="a">&#x10D7;&#x10D1;&#x10D8;&#x10DA;&#x10D8;&#x10E1;&#x10D8; :</subfield>
    <subfield code="b">&#x10DB;&#x10EC;&#x10D8;&#x10D2;&#x10DC;&#x10DD;&#x10D1;&#x10D0;&#x10E0;&#x10D8;, </subfield>
    <subfield code="c">2010.</subfield>
  </datafield>
  <datafield tag="300" ind1=" " ind2=" ">
    <subfield code="a">592 &#x10D2;&#x10D5;. : </subfield>
    <subfield code="b">&#x10E2;&#x10D0;&#x10D1;., &#x10E1;&#x10E3;&#x10E0;., &#x10E0;&#x10E3;&#x10E5;., &#x10EA;&#x10EE;&#x10E0;. ; </subfield>
    <subfield code="c">29 &#x10E1;&#x10DB;.</subfield>
  </datafield>
  <datafield tag="500" ind1=" " ind2=" ">
    <subfield code="a">&#x10DE;&#x10D0;&#x10E0;&#x10D0;&#x10DA;. &#x10D7;&#x10D0;&#x10D5;&#x10E4;&#x10E3;&#x10E0;. &#x10D3;&#x10D0; &#x10E0;&#x10D4;&#x10D6;. &#x10D2;&#x10D4;&#x10E0;&#x10DB;. &#x10D3;&#x10D0; &#x10E0;&#x10E3;&#x10E1;.</subfield>
  </datafield>
  <datafield tag="501" ind1=" " ind2=" ">
    <subfield code="a">&#x10D9;&#x10D0;&#x10E2;&#x10D0;&#x10DA;&#x10DD;&#x10D2;&#x10D8;: &#x10D2;&#x10D5;. 261-504.
&#x10E2;&#x10D0;&#x10D1;&#x10E3;&#x10DA;&#x10D4;&#x10D1;&#x10D8;: &#x10D2;&#x10D5;. 511-566	
&#x10D0;&#x10DC;&#x10D1;. &#x10E1;&#x10D0;&#x10EB;&#x10D8;&#x10D4;&#x10D1;&#x10D4;&#x10DA;&#x10D8;: &#x10D2;&#x10D5;. 567-584.</subfield>
  </datafield>
  <datafield tag="504" ind1=" " ind2=" ">
    <subfield code="a">&#x10D1;&#x10D8;&#x10D1;&#x10DA;&#x10D8;&#x10DD;&#x10D2;&#x10E0;.: &#x10D2;&#x10D5;. 585-592.</subfield>
  </datafield>
  <datafield tag="653" ind1=" " ind2=" ">
    <subfield code="a">&#x10E1;&#x10D0;&#x10DB;&#x10D7;&#x10DD; &#x10E1;&#x10D0;&#x10E5;&#x10DB;&#x10D4; &#x10E1;&#x10D0;&#x10E5;&#x10D0;&#x10E0;&#x10D7;&#x10D5;&#x10D4;&#x10DA;&#x10DD;&#x10E8;&#x10D8;</subfield>
  </datafield>
  <datafield tag="653" ind1=" " ind2=" ">
    <subfield code="a">&#x10DB;&#x10D4;&#x10E2;&#x10D0;&#x10DA;&#x10E3;&#x10E0;&#x10D2;&#x10D8;&#x10D0; &#x10E1;&#x10D0;&#x10E5;&#x10D0;&#x10E0;&#x10D7;&#x10D5;&#x10D4;&#x10DA;&#x10DD;&#x10E8;&#x10D8;.</subfield>
  </datafield>
  <datafield tag="700" ind1=" " ind2=" ">
    <subfield code="a">&#x10E6;&#x10D0;&#x10DB;&#x10D1;&#x10D0;&#x10E8;&#x10D8;&#x10EB;&#x10D4;, &#x10D8;&#x10E0;.</subfield>
    <subfield code="e">&#x10D0;&#x10D5;&#x10E2;&#x10DD;&#x10E0;&#x10D8;</subfield>
    <subfield code="9">18041</subfield>
  </datafield>
  <datafield tag="700" ind1=" " ind2=" ">
    <subfield code="a">&#x10DB;&#x10D8;&#x10DC;&#x10D3;&#x10D8;&#x10D0;&#x10E8;&#x10D5;&#x10D8;&#x10DA;&#x10D8;, &#x10D2;., </subfield>
    <subfield code="e">&#x10D0;&#x10D5;&#x10E2;&#x10DD;&#x10E0;&#x10D8;</subfield>
    <subfield code="9">18042</subfield>
  </datafield>
  <datafield tag="700" ind1=" " ind2=" ">
    <subfield code="a">&#x10D2;&#x10DD;&#x10D2;&#x10DD;&#x10ED;&#x10E3;&#x10E0;&#x10D8;, &#x10D2;.</subfield>
    <subfield code="e">&#x10D0;&#x10D5;&#x10E2;&#x10DD;&#x10E0;&#x10D8;</subfield>
    <subfield code="9">18043</subfield>
  </datafield>
  <datafield tag="700" ind1=" " ind2=" ">
    <subfield code="a">&#x10D9;&#x10D0;&#x10EE;&#x10D8;&#x10D0;&#x10DC;&#x10D8;, &#x10D9;. </subfield>
    <subfield code="e">&#x10D0;&#x10D5;&#x10E2;&#x10DD;&#x10E0;&#x10D8;</subfield>
    <subfield code="9">18044</subfield>
  </datafield>
  <datafield tag="942" ind1=" " ind2=" ">
    <subfield code="2">udc</subfield>
    <subfield code="c">BK</subfield>
  </datafield>
  <datafield tag="952" ind1=" " ind2=" ">
    <subfield code="0">0</subfield>
    <subfield code="1">0</subfield>
    <subfield code="2">udc</subfield>
    <subfield code="4">0</subfield>
    <subfield code="6">903054792266947922_&#x10E3;96</subfield>
    <subfield code="7">0</subfield>
    <subfield code="9">94680</subfield>
    <subfield code="a">CPL</subfield>
    <subfield code="b">CPL</subfield>
    <subfield code="c">GEN</subfield>
    <subfield code="d">2023-05-08</subfield>
    <subfield code="g">30.00</subfield>
    <subfield code="o">903.05(479.22)+669(479.22) &#x10E3;-96</subfield>
    <subfield code="p">64383</subfield>
    <subfield code="r">2023-05-08</subfield>
    <subfield code="t">64383</subfield>
    <subfield code="u">&#x10D1;&#x10E1;&#x10E3;-&#x10E1; &#x10E1;&#x10D0;&#x10DE;&#x10D0;&#x10E2;&#x10D8;&#x10DD; &#x10D3;&#x10DD;&#x10E5;&#x10E2;&#x10DD;&#x10E0;&#x10D8;&#x10E1; &#x10D2;&#x10E3;&#x10E0;&#x10D0;&#x10DB; &#x10DA;&#x10DD;&#x10E0;&#x10D7;&#x10E5;&#x10D8;&#x10E4;&#x10D0;&#x10DC;&#x10D8;&#x10EB;&#x10D8;&#x10E1; &#x10E1;&#x10D0;&#x10E9;&#x10E3;&#x10E5;&#x10D0;&#x10E0;&#x10D8;</subfield>
    <subfield code="w">2023-05-08</subfield>
    <subfield code="y">BK</subfield>
    <subfield code="z">30 &#x10DA;.</subfield>
  </datafield>
</record>
